Villes accueillant des Grand Prix de F1 - Statistiques

Statistiques générales
  • Ce quiz a été pris 281 fois
    275 depuis la dernière actualisation
  • Le résultat moyen est 8 sur 16
Answers on the Grid
Answers color-coded by a green-red scale on the quiz's grid according to % correct below.
Bakou
Shangai
Lusail
Djeddah
Bremgarten
Zeltweg
Austin
Abou Dabi
Suzuka
Silverstone
Monza
Adelaïde
Casablanca
Dallas
Indianapolis
New York
Mouscou
Buenos Aires
Johannesburg
Dubai
Dusseldorf
Bratislava
Phnom Penh
Le Castellet
 
Statistiques - réponses
Réponse % Correct
Bakou
92%
Abou Dabi
91%
Monza
86%
Silverstone
82%
Suzuka
79%
Austin
77%
Djeddah
76%
Shangai
70%
Le Castellet
50%
Lusail
42%
Indianapolis
35%
Adelaïde
27%
Dallas
21%
Zeltweg
9%
Casablanca
8%
Bremgarten
6%
Aucun quiz correspondant
Distribution des résultats
% des personnes avec chaque résultat
Percentile par nombre de réponses
Votre historique - résultats
Vous n’avez pas pris ce quiz depuis la dernière actualisation